000
00271nam a2200133Ia 4500
100
_a
Beeley/P.R
942
_c
BK
654
_a
Foundry
245
_a
Foundry Technology
260
_b
Butterworths
_a
London
_c
1972
082
_a
671.2
300
_a
544
546
_a
ENGLISH
999
_c
32908
_d
32908